000
00287nam a22001217a 4500
041
_a
ENG
100
_a
Dougherty.T.C
245
_a
Environmental Impact Assessment Of Ittigation And Drainage Projects
260
_a
Rome
_b
FAO
_c
1995
300
_a
74
650
_a
FAO
856
_u
FAO (01)
999
_c
2386
_d
2386